|
|
|
|
| LEADER |
00000naa a2200000uu 4500 |
| 001 |
vtls011074868 |
| 003 |
SK-MaSNL |
| 005 |
20260302111419.0 |
| 008 |
220810|2003 xo |||||||||||||||||cze| |
| 015 |
|
|
|a SNBRA
|
| 035 |
|
|
|a (urnnbn)urn:nbn:sk:snk:ar-a0cdlj
|
| 035 |
|
|
|a (uuid)17a18446-954f-45ff-bcbe-c5189dd9b7ee
|
| 035 |
|
|
|a urn:nbn:sk:snk-aavjs8
|
| 040 |
|
|
|a SNKBUCL
|b slo
|c SNKBUCL
|e AACR2
|
| 041 |
0 |
|
|a cze
|
| 044 |
|
|
|a xo
|c SK
|
| 100 |
1 |
|
|a Pstružina, Karel
|4 aut
|9 788816
|
| 245 |
1 |
0 |
|a Pozorovatel a vyprávěč - substruktury mysli
|c Karel Pstružina
|
| 773 |
0 |
|
|t Kognícia, umelý život a počítačová inteligencia
|d Košice : Elfa, 2003
|g S. 239-243
|z 808906664X
|
| 954 |
|
|
|a odborná, vedecká literatúra cudzojazyčná (svetová)
|2 lita
|
| 958 |
|
|
|a OND
|
| 958 |
|
|
|a article12
|
| 958 |
|
|
|a chapter
|
| 999 |
|
|
|c 1247600
|d 1249530
|